Manuel Neri : early work, 1953-1978 = Manuel Neri : Obra temprana 1953-1978 /
Kaydedildi:
| Yazar: | |
|---|---|
| Materyal Türü: | Bilinmiyor |
| Dil: | English |
| Baskı/Yayın Bilgisi: |
New York :
National Book Network,
1996.
|
| Edisyon: | 1 edición |
| Konular: | |
| Etiketler: |
Etiketle
Etiket eklenmemiş, İlk siz ekleyin!
|
MARC
| LEADER | 000000000a22000000004500 | ||
|---|---|---|---|
| 001 | 014072 | ||
| 020 | |a 0886750474 | ||
| 041 | 0 | |a eng | |
| 082 | 0 | 4 | |a 709.2 |b N445e |
| 100 | 1 | |a Neri, Manuel, |d 1930- | |
| 245 | 1 | 0 | |a Manuel Neri : |b early work, 1953-1978 = Manuel Neri : Obra temprana 1953-1978 / |c Manuel Neri. |
| 246 | 3 | 1 | |a Manuel Neri : Obra temprana 1953-1978 |
| 250 | |a 1 edición | ||
| 260 | 1 | |a New York : |b National Book Network, |c 1996. | |
| 300 | |a 421 páginas : |b ilustraciones (algunas a color) ; |c 29 cm. | ||
| 650 | 4 | |a NERI, MANUEL, 1930 | |
| 650 | 4 | |a ARTE | |
| 650 | 4 | |a EXPOSICIONES | |
| 500 | |a Colección George Yúdice | ||
| 999 | |c 19971 |d 19971 | ||
| 942 | |c BK |h 709.2 N445e |2 z | ||



